000 00599nam a22002177a 4500
003 UA-OsUOA
001 110643
007 ta
008 20150330b un ||||| |||| 00| 0 ukr d
100 _aКовальов Ю.
090 _a330(477)
_bК56
942 _cSA
040 _aUA-OsUOA
_bukr
_cUA-OsUOA
_dUA-OsUOA
245 _aКредитні спілки: відродження чи знищення?
300 _aС.7
955 _a0
041 _aukr
080 _a330(477)
773 0 _w110642
_tУкраїна- business
_dК.
_d2015
_g12
650 7 _a330 Економіка взагалі
_2UDC
999 _c396905
_d396905